British History Quiz #2 (Normans) - Statistics

General Stats
  • This quiz has been taken 205 times
  • The average score is 6 of 10
Answer Stats
Hint Answer % Correct
In which battle did Harold II die Hastings
95%
What is the name of the book considered to be the first census in the UK Domesday Book
90%
Who was the current English king at the time of the civil war Stephen
61%
Which governmental system did the Normans introduce Feudalism
60%
Which holy roman empress was on of the claimants to the throne during this period Matilda
55%
Who was the first person to be buried at Westminster abbey Edward the confessor
53%
William's successor got what nickname due to his red hair Rufus
47%
What was the name of the civil war from 1138 to 1153 The anarchy
40%
Which Scandinavian warlord founded the duchy of normandy Rollo
36%
What became the capital of Normandy in 912 Rouen
31%
No matching quizzes found
Score Distribution
Percent of People with Each Score
Percentile by Number Answered
Your Score History
You have not taken this quiz